000
00189 a2200097 4500
020
_a
9780142417348
041
_a
eng
100
_a
ezra jak Keats
245
_a
Over in the Meadow
942
_c
K
999
_c
30801
_d
30799